El votante latinoamericano Comportamiento electoral y comunicacin̤ polt̕ica /

Bibliographic Details
Main Author: Telles, Helcimara
Other Authors: Moreno, Alejandro
Format: eBook
Language:Spanish
Published: Ciudad de Mx̌ico: Cm̀ara de Diputados, 2015
Subjects:
Online Access:Acceso restringido

MARC

LEADER 00000nam a22000007a 4500
005 20180320223728.0
007 cr|||| ||||
008 180320s2015 mx |||||s||||f00||0 spa d
020 |a 978-607-9423-62-9 
035 |a 21120 
040 |a vLex 
090 |c 7524  |d 7524 
100 1 |a Telles, Helcimara 
245 1 2 |a El votante latinoamericano  |h [Recurso electrn̤ico] :  |b Comportamiento electoral y comunicacin̤ polt̕ica /  |c Helcimara Telles, Alejandro Moreno 
256 |a Servicio en ln̕ea 
260 |a Ciudad de Mx̌ico:  |b Cm̀ara de Diputados,  |c 2015 
300 |a 1 recurso electrn̤ico 
506 1 |a Disponible solo en los productos indicados  |d vLex Global  |d vLex Global (Academic Edition, excluding Law Schools)  |d vLex Global (U.S. Academic Edition, Law Schools)  |d vLex Global (U.S. Academic Edition, excluding Law Schools)  |d vLex Global (Academic Edition, Law Schools) 
650 0 4 |a Rǧimen Electoral  |z Mx̌ico 
700 1 |a Moreno, Alejandro 
740 0 |a vLex Libros (Servicio en ln̕ea) 
856 4 0 |u http://vlex.com/source/votante-latinoamericano-comportamiento-electoral-comunicacion-politica-21120  |z Acceso restringido 
942 |c BOOK 
999 0 |a Electoral Regime